| 000 | 00377nam a2200157Ia 4500 | ||
|---|---|---|---|
| 008 | 210210b1925 xxu||||| |||| 00| 0 eng d | ||
| 041 | _aeng | ||
| 082 | _a825/406 | ||
| 100 | _aHARRISON (Frederic) | ||
| 245 | _aSelected essays | ||
| 260 |
_aLondon _bMacmillan & Co. Ltd. _c1925 |
||
| 650 | _aSelected | ||
| 650 | _aessays | ||
| 690 | _aEnglish Criticism | ||
| 906 | _a014722 | ||
| 999 |
_c133936 _d133936 |
||